000 01064nam a2200301 a 4500
001
003 DO-SdBNP
005 20220429095708.0
007
008 100201s2004 dr 000 j spa d
020 _a9993467138
040 _aBPMSU
_bspa
_cBPMSU
082 _aRD863.44
_bB742m 2004
_222
100 _aBosch, Juan
_d1909-2001.
_91
245 1 3 _aLa mañosa /
_c Juan Bosch ; estudio, cronología, notas y variantes Guellermo Piña-Contreras
_b
260 _aSanto Domingo :
_bIndustria Banilejas ;
_bFundación Juan Bosch,
_c2004
_b
300 _a334 p. ;
_c30 cm.
500 _3Incluye referencias bibliográficas y notas al pie de las páginas
504 _aIncluye referencias bibliográficas y notas al pie de las páginas
590 _6Inventariado, 2022/VM
650 4 _aNovela dominicana
650 4 _aLiteratura dominicana
700 1 _a Piña Contreras, Guillermo,
_d1952-
_e
710 2 _aFundación Juan Bosch (República Dominicana)
710 2 _aIndustrias Banilejas (República Dominicana)
910 _aVMateo
942 _2ddc
_cBK
999 _c14178
_d14178